000 00449nam a22001457a 4500
005 20180720135235.0
020 _a0333933354
_c140.00
035 _aB-021717, B-021716
037 _aDPL
_bENG
100 _aSrivastava, T.N.
245 _aAn introduction to computers and their applications to banking /
_cby T.N. Srivastava
260 _aDelhi
_bMacmillan
_c2000
300 _avii, 249p.
_c24 cms.
942 _2ddc
_cEN
_h332.10285
_mSRI
999 _c66344
_d66344